Faiz Meselesi: (Record no. 13445)

MARC details
000 -BAŞLIK
Sabit Uzunlukta Kontrol Alanı 00896nam a22002657a 4500
999 ## - SİSTEM KONTROL NUMARALARI (KOHA)
Koha Biblionumber 13445
Koha Biblioitemnumber 13445
003 - KONTROL NUMARASI IDENTIFIER
Denetim Alanı MIRAKIL
005 - SON İŞLEM TARİHİ VE ZAMANI
Denetim Alanı 20190731102017.0
008 - SABİT-BOY VERİ ELEMANLARI - GENEL BİLGİLER
Sabit Uzunlukta Kontrol Alanı 190731b tu ||||| |||| 00| 0 tur d
020 ## - ULUSLARARASI STANDART KİTAP NUMARASI
Uluslararası Standart Kitap Numarası 9786053995463
040 ## - KATALOGLAMA KAYNAK
Orijinal Kataloglama Ajansı TR-AnCHP
Metne Dönüştürmek Ajansı TR-AnCHP
041 ## - DİL KODU
Metin / Ses Parça Veya Ayrı Başlığın Dil Kodu tur
082 ## - DEWEY ONLU SINIFLANDIRMA NUMARASI
Sınıflandırma Numarası 332.82
Ürün Numarası F29 2019
245 10 - BAŞLIK TABLOSU
Başlık Faiz Meselesi:
Başlığın Kalan Tarihte örnek uygulamalar /
Sorumluluk Tablosu, Vb Derleyenler Murat Ustaoğlu, Ahmet İncekara.
260 ## - YAYIN, DAĞITIM, VB
Yayın, Dağıtım, Vb Yeri İstanbul:
Yayıncı, Dağıtıcı, Vs Adı İstanbul Bilgi Üniversitesi yayınları,
Yayın, Dağıtım, Vb Tarihi 2019.
300 ## - FİZİKSEL TANIM
Kapsam xxıx, 361 s.:
Boyutlar 23 sm.
490 0# - SERİSİ TABLOSU
Seri Beyanı İstanbul Bilgi Üniversitesi yayınları;
-- Ekonomi;
Hacim / Ardışık Tanımı 655.
-- 21.
504 ## - KAYNAKÇA VB NOT
Kaynakça Vb Notu Kaynakça ve Dizin vardır.
650 #0 - KONU KATMA GİRİŞ - TOPİKAL DÖNEM
9 (RLIN) 5920
Topikal Süreli Veya Coğrafi Ad Giriş Elemanı Faiz
Genel Alt Bölümü Tarih
650 #0 - KONU KATMA GİRİŞ - TOPİKAL DÖNEM
9 (RLIN) 5920
Topikal Süreli Veya Coğrafi Ad Giriş Elemanı Faiz
Genel Alt Bölümü İslam ülkeleri
650 #0 - KONU KATMA GİRİŞ - TOPİKAL DÖNEM
9 (RLIN) 5920
Topikal Süreli Veya Coğrafi Ad Giriş Elemanı Faiz
Coğrafi Alt Bölümü Hindistan
650 #0 - KONU KATMA GİRİŞ - TOPİKAL DÖNEM
9 (RLIN) 5921
Topikal Süreli Veya Coğrafi Ad Giriş Elemanı Faiz ve tefecilik
700 ## - KATMA GİRİŞ - KİŞİSEL İSİM
9 (RLIN) 5922
Kişisel Ad Ustaoğlu, Murat
Relator Terim der.
700 ## - KATMA GİRİŞ - KİŞİSEL İSİM
9 (RLIN) 5923
Kişisel Ad İncekara, Ahmet
Relator Terim der.
942 ## - EKLENDİ GİRİŞ ELEMANLARI (KOHA)
Sınıflandırma Veya Raf Düzeni Kaynak Dewey Decimal Classification
Koha Öğesi Türü Books
Holdings
Kalıcı Konum Mevcut Konum Edinme Tarihi Toplam Check-Out'Lar Tam Çağrı Numarası Barkod Tarih Son Görülme İtibaren Geçerli Fiyatlar Koha Öğesi Türü
CHP Kütüphanesi CHP Kütüphanesi 07/31/2019   332.82 F29 2019 011900 07/31/2019 07/31/2019 Books